00364nam a2200133Ia 4500008004100000041001200041082001700053100003400070245004800104250001200152260004300164300001200207500001100219231221s9999 xx 000 0 und d aEnglish a642.4 SET;3 aSethi, Mohini Malhan, Surjeet 0aCatering management :an integrated approach a2nd ed. c1989bNew Age InternationalaNew Delhi axii+438 aE.-509